Statistics for All Pokemon Main series Games 2022

Click here to take the quiz!

General Stats

  • This quiz has been taken 20 times
  • The average score is 33 of 37

Answer Stats

YearMain Series games% Correct
2010Black
100%
1998Blue
100%
1998Red
100%
2022Scarlet
100%
2019Shield
100%
2019Sword
100%
2022Violet
100%
2010White
100%
2013X
100%
2013Y
100%
1998Yellow
100%
2012Black 2
93%
2004Emerald
93%
1999Gold
93%
2009HeartGold
93%
2018Let's Go Eevee
93%
2018Let's Go Pikachu
93%
2016Moon
93%
2006Pearl
93%
2002Ruby
93%
1999Silver
93%
2009SoulSilver
93%
2016Sun
93%
2012White 2
93%
2000Crystal
87%
2006Diamond
87%
2004FireRed
87%
2004LeafGreen
87%
2008Platinum
87%
2002Sapphire
87%
2014AlphaSapphire
80%
2021Brilliant Diamond
80%
2014OmegaRuby
80%
2021Shining Pearl
80%
2017Ultra Moon
67%
2017Ultra Sun
67%
2022Pokemon Legends: Arceus
53%

Score Distribution

Percentile by Number Answered

Percent of People with Each Score

Your Score History

You have not taken this quiz